Movies Quiz

Random Movies or Canada Quiz

Canadian or American Actor? Quiz Stats

 Plays Quiz Updated May 15, 2019

Score 0/20 Timer 03:00
2 Plays Today
Question Answer Wrong Answers
Will Smith American
97.1%
Canadian
1.4%
Samuel L. Jackson American
95.9%
Canadian
2.6%
Morgan Freeman American
95.8%
Canadian
2.6%
Tom Cruise American
94.4%
Canadian
4%
Tom Hanks American
94.2%
Canadian
4.2%
George Clooney American
93.9%
Canadian
4.5%
Harrison Ford American
93.2%
Canadian
5.2%
Robert Downey Jr. American
92.5%
Canadian
5.9%
Ryan Reynolds Canadian
85.2%
American
13.3%
Jennifer Lawrence American
84%
Canadian
14.5%
Mike Myers Canadian
79.5%
American
19%
Jim Carrey Canadian
74.2%
American
24.2%
Cobie Smulders Canadian
73.6%
American
24.9%
Ryan Gosling Canadian
72.1%
American
26.4%
Martin Short Canadian
68.5%
American
29.9%
Katherine Heigl American
67.9%
Canadian
30.4%
Rachel McAdams Canadian
63.8%
American
34.7%
Seth Rogen Canadian
63.3%
American
35.1%
Will Arnett Canadian
61%
American
37.4%
Sandra Oh Canadian
59.2%
American
39.3%

You're not logged in!

Compare scores with friends on all Sporcle quizzes.
OR
Log In

Sporcle TV

Today on Sporcle TV


Watch our educational content, quiz creation guides, and fun videos on Sporcle TV.

Show Comments

Extras

Top Quizzes Today


Score Distribution

Your Account Isn't Verified!

In order to create a playlist on Sporcle, you need to verify the email address you used during registration. Go to your Sporcle Settings to finish the process.

Report this User

Report this user for behavior that violates our Community Guidelines.

Details: